| 000 | 00851nam a22002297a 4500 | ||
|---|---|---|---|
| 008 | 240606b mp ||||| |||| 00| 0 mon d | ||
| 020 | _a99929-0-472-0 | ||
| 035 | _a12527 | ||
| 040 |
_aBUL0163080 _bmon _cMN-UlNLM _dMN-UlNLM _erda |
||
| 041 | _amon | ||
| 042 | _a24674 | ||
| 084 |
_2NNA _a28.6 _bК 92 |
||
| 100 | _aКуппэр Х. | ||
| 245 | 0 | _aХовордсон ан амьтад /Хүүхдийн танин мэдэхүйн цувралаас/ | |
| 264 |
_aУлаанбаатар _b"МОНСУДАР" ХГ |
||
| 300 | _a10 х. | ||
| 336 |
_2rdacontent _atext _btxt |
||
| 337 |
_2rdamedia _aunmediated _bn |
||
| 338 |
_2rdacarrier _avolume _bnc |
||
| 650 | _aХовордсон ан амьтад Ховордсон ан амьтад, Хила Куппэр, ховор амьтад, ан амьтан, амьтан ... | ||
| 942 |
_2NNA _cBK |
||
| 999 |
_c853679 _d853736 |
||